Ekonómia vzdelávania

Guardado en:
Detalles Bibliográficos
Autor principal: Dudová, Iveta
Autor Corporativo: Ekonomická univerzita v Bratislave. Národohospodárska fakulta
Otros Autores: Mihály, G., Stanek, Vojtech
Formato: Libro
Lenguaje:eslovaco
Publicado: Bratislava Vydavateľstvo EKONÓM 2009
Materias:
Etiquetas: Agregar Etiqueta
Sin Etiquetas, Sea el primero en etiquetar este registro!

MARC

LEADER 00000nam$a2200000$$$4500
001 0098565
005 20240613101855.5
020 |a 978-80-225-2750-7 
041 0 |a slo 
044 |a SK 
245 1 0 |a Ekonómia vzdelávania  |c Iveta Dudová 
264 1 |a Bratislava  |b Vydavateľstvo EKONÓM  |c 2009 
300 |a 167 s. 
610 2 0 |a globalizácia 
610 2 0 |a vzdelávanie 
610 2 0 |a investovanie 
610 2 0 |a zvyšovanie kvalifikácie 
610 2 0 |a školy vysoké 
610 2 0 |a ekonomika vedomostná 
610 2 0 |a kapitál ľudský 
610 2 0 |a kapitál sociálny 
610 2 0 |a vzdelávanie celoživotné 
610 2 0 |a trh práce 
610 2 0 |a Európska únia 
610 2 0 |a Slovensko 
100 1 |a Dudová, Iveta 
700 1 |a Mihály, G. 
700 1 |a Stanek, Vojtech 
710 2 |a Ekonomická univerzita v Bratislave. Národohospodárska fakulta